| АИС "Историко-культурное наследие Беларуси" | ||
| Базовый | Расширенный | Профессиональный | Словарь персоналий | Тематический словарь | По видам объектов | История запросов Заказы | Регистрация | |
Запись в MARC-формате
| копировать MARC-запись |
=LDR 00000nx\\c22002413\\45\\
=001 BY-NLB-ar8006205
=005 20160330095642.7
=100 \\$a20140924arusy50\\\\\\ca0
=152 \\$apsbo
=160 \\$ae-bw
=215 \\$aКостел Благовещения Пресвятой Девы Марии (Гудогай, деревня; Островецкий район)
=300 1\$aПамятник деревянного зодчества с элементами барокко. Построен в 1764 г. В 1832 г. костел преобразован в часовню, приписанную к Костелу Матери Божьей Ружанцовой в д. Солы (Сморгонский район). Приход возрожден в 1906 г., позже снова упразднен; заново возрожден в 1990 г.
=356 \\$aНаходится в восточной части д. Гудогай Островецкого района Гродненской области.
=415 \\$aКостел Посещения Девой Марией Елизаветы (Гудогай, деревня; Островецкий район)
=415 \\$aКостел Посещения Пресвятой Девы Марии (Гудогай, деревня; Островецкий район)
=515 \\$5w$3BY-NLB-ar8006265$aКасцёл Дабравешчання Найсвяцейшай Дзевы Марыі (Гудагай, вёска; Астравецкі раён)
=801 \0$aBY$bBY-HM0000$c20140924
=810 \\$aКаталіцкія храмы Беларусі / А. М. Кулагін. — Мінск, 2008.
=810 \\$aКаталіцкія храмы на Беларусі : энцыклапедычны даведнік / А. М. Кулагін. — Мінск, 2000.
=856 4\$uhttp://romanism.ru/$zСайт "Католическая церковь Беларуси".
=856 4\$uhttp://globus.tut.by/gudogaj_de/$zСайт "Глобус Беларуси".
=999 \\$f1829 NLB-NDARD$t20140924
=999 \\$h40 NLB-NDARD$t20141015
Чтобы вернуться назад, щелкните кнопку BACK на Вашем браузере